Central Library OPAC University of Rajshahi

Free trade, protection and customs union / (Record no. 2853)

MARC details
000 -LEADER
fixed length control field 00936cam a22002891 4500
001 - CONTROL NUMBER
control field 2853
003 - CONTROL NUMBER IDENTIFIER
rucl marc code BD-RjUL
005 - DATE AND TIME OF LATEST TRANSACTION
control field 20211208233630.0
008 - FIXED-LENGTH DATA ELEMENTS--GENERAL INFORMATION
fixed length control field 131217s1961 xx a b 000 0 eng
035 ## - SYSTEM CONTROL NUMBER
System control number (BD-RjUL)2880
System control number (OCoLC)1044679
040 ## - CATALOGING SOURCE
Original cataloging agency DLC
Transcribing agency CtWeharU
Modifying agency OCoLC
-- BD-RjUL
Language of cataloging eng
041 ## - LANGUAGE CODE
Language code of text/sound track or separate title eng
082 ## - DEWEY DECIMAL CLASSIFICATION NUMBER
Classification number 337
Author mark and year JAF 1961
100 1# - MAIN ENTRY--PERSONAL NAME
Personal name Janssen, L. H.
9 (RLIN) 9157
245 10 - TITLE STATEMENT
Title Free trade, protection and customs union /
Statement of responsibility, etc. L. H. Janssen
260 ## - PUBLICATION, DISTRIBUTION, ETC. (IMPRINT)
Place of publication, distribution, etc. Leiden :
Name of publisher, distributor, etc. H. E. Stenfert Kroese,
Date of publication, distribution, etc. c1961.
300 ## - PHYSICAL DESCRIPTION
Pagination viii,157 p. :
Illustrations illus.;
Size 22 cm.
490 0# - SERIES STATEMENT
Series statement Publication of the Economisch Sociologisch Instituut, Tilburg
650 #0 - SUBJECT ADDED ENTRY--TOPICAL TERM
Topical term or geographic name as entry element Free trade.
9 (RLIN) 9089
Topical term or geographic name as entry element Customs unions.
9 (RLIN) 9158
Topical term or geographic name as entry element Prices.
9 (RLIN) 9159
856 ## - ELECTRONIC LOCATION AND ACCESS
Materials specified WorldCat
Uniform Resource Identifier <a href="http://www.worldcat.org/title/free-trade-protection-and-customs-union/oclc/1044679&referer=brief_results">http://www.worldcat.org/title/free-trade-protection-and-customs-union/oclc/1044679&referer=brief_results</a>
942 ## - ADDED ENTRY ELEMENTS (KOHA)
Source of classification or shelving scheme Dewey Decimal Classification
Koha item type Books
Holdings
Lost status Source of classification or shelving scheme Damaged status Not for loan Collection code Permanent Location Current Location Shelving location Date acquired Source of acquisition Cost, normal purchase price Total Checkouts Full call number Date last seen Copy number Koha item type
  Dewey Decimal Classification   Not For Loan Non-fiction Central Library, University of Rajshahi Central Library, University of Rajshahi   11/07/2064 Zitlinger 40.00   337 JAF 1961 17/12/2013 C-1 Books
  Dewey Decimal Classification     Non-fiction Central Library, University of Rajshahi Central Library, University of Rajshahi   11/07/2064 Zitlinger 40.00   337 JAF 1961 17/12/2013 C-3 Books
  Dewey Decimal Classification     Non-fiction Central Library, University of Rajshahi Central Library, University of Rajshahi   01/04/2065 Zitlinger 40.00   337 JAF 1961 17/12/2013 C-5 Books
  Dewey Decimal Classification     Non-fiction Central Library, University of Rajshahi Central Library, University of Rajshahi   01/04/2065 Zitlinger 40.00   337 JAF 1961 17/12/2013 C-6 Books
  Dewey Decimal Classification     Non-fiction Central Library, University of Rajshahi Central Library, University of Rajshahi   01/04/2065 Zitlinger 40.00   337 JAF 1961 17/12/2013 C-7 Books
  Dewey Decimal Classification     Non-fiction Central Library, University of Rajshahi Central Library, University of Rajshahi   01/04/2065 Zitlinger 40.00   337 JAF 1961 17/12/2013 C-8 Books
  Dewey Decimal Classification     Non-fiction Central Library, University of Rajshahi Central Library, University of Rajshahi   01/04/2065 Zitlinger 40.00   337 JAF 1961 17/12/2013 C-9 Books
  Dewey Decimal Classification     Non-fiction Central Library, University of Rajshahi Central Library, University of Rajshahi   01/04/1965 Sweets & Zuitlinger 40.00   337 JAF 1961 31/07/2016 C-10 Books
  Dewey Decimal Classification     Non-fiction Central Library, University of Rajshahi Central Library, University of Rajshahi   11/07/2064 Zitlinger 40.00   337 JAF 1961 05/09/2016 C-2 Books